01383cam a22003257a 4500003000500000005001700005008004100022010001000063011001000073020001500083035001000098040000900108082001400117110009900131245022900230260011000459300001000569590004100579590004100620590004100661590004200702650002000744650003800764901000700802905002300809942001000832949006400842999001700906952013400923CHAP20220329142338.0000829d2000 mx r 00110 esp d a82113 a83085 a9687798955 a93593 cCHAP04a301.2bA82 aAsociación Nacional de Universidades e Instituciones de Educación Superior. México9809410aPrograma nacional de extensión de la cultura y los servicios :baprobado en la XXX sesión ordinaria de la asamblea general de la ANUIESc/por Asociación Nacional de Universidades e Instituciones de Educación Superior aMéxico, D. F. :bAsociación Nacional de Universidades e Instituciones de Educación Superior,c2000. a84 p. aBATCH-UPDb10c20130110lUCH01h1401 aBATCH-UPDb10c20130410lUCH01h0852 aBATCH-UPDb10c20130914lUCH01h1127 aCONVERSIONb10c20130109lUCH01h134614aCultura.93040114aExtensión universitaria.939208 aBK aLilia Sánchez G. cLIBRO a301.2 A8bBCcLIBROd33724000788204eLIBROh98559i93593si c82113d82113 00102ddc4052708GRALaBCbBCcPA_GRALd2019-12-31fLIBROl0o301.2 A8p33724000788204r2019-12-31 00:00:00w2019-12-31yLIBRO